How to prepare for the TASP : Texas Academic Skills Program /

Bibliographic Details
Other Authors: McCune, Sandra K.
Format: Book
Language:English
Published: Hauppauge, N.Y. : Barron's, [1994]
Edition:2nd ed.
Subjects:

MARC

Tag First Indicator Second Indicator Subfields
LEADER 00000cam a2200000 a 4500
001 in00001237168
005 20151003062333.0
008 940511s1994 nyua 000 0 eng
010 |a  94017725  
020 |a 0812019792 :  |c $12.95 ($16.95 Can.) 
035 |a (OCoLC)30518684 
035 |9 AGS7456AM 
040 |a DLC  |c DLC  |d TXA  |d UtOrBLW 
043 |a n-us-tx 
049 |a TXAM 
050 0 0 |a LB2353.7.T37  |b B37 1994 
082 0 0 |a 373.12/62  |2 20 
245 0 0 |a How to prepare for the TASP :  |b Texas Academic Skills Program /  |c Sandra K. McCune [and others]. 
250 |a 2nd ed. 
264 1 |a Hauppauge, N.Y. :  |b Barron's,  |c [1994] 
264 4 |c ©1994 
300 |a viii, 788 pages :  |b illustrations ;  |c 28 cm. 
336 |a text  |b txt  |2 rdacontent 
337 |a unmediated  |b n  |2 rdamedia 
338 |a volume  |b nc  |2 rdacarrier 
650 0 |a THEA Test  |x Study guides. 
700 1 |a McCune, Sandra K. 
740 0 |a How to prepare for the Texas Academic Skills Program. 
999 |a MARS 
999 f f |s 2b8f700b-6f16-336f-9587-74212d13a6ea  |i 97e79e32-4407-39bc-bdc8-a0546c4906e4  |t 0 
952 f f |p normal  |a Texas A&M University  |b College Station  |c Sterling C. Evans Library  |d Evans: Library Stacks  |t 0  |e LB2353.7.T37 B37 1994  |h Library of Congress classification  |i unmediated -- volume  |m A14819116344 
998 f f |a LB2353.7.T37 B37 1994  |t 0  |l Evans: Library Stacks